Witcher 3 Monsters (All) HARD - Statistics

General Stats
  • This quiz has been taken 204 times
  • The average score is 21 of 130
Answer Stats
Answer % Correct
Drowner
60%
Griffin
60%
Ghoul
58%
Beasts Bears
54%
Wraith
53%
Nekker
52%
Wolves
52%
Higher Vampire
48%
Noonwraith
47%
Bruxa
46%
Leshen
44%
Siren
42%
Alghoul
40%
Harpy
40%
Dogs
39%
Golem
39%
Rock Troll
39%
Water Hag
39%
Katakan
38%
Werewolves
37%
Earth Elemental
36%
Fire Elemental
35%
Fiend
33%
Nightwraith
33%
Wyverns
33%
Ice Giant
31%
Ice Troll
31%
Grave Hag
30%
Ekimmara
27%
Succubus
27%
Gargoyle
24%
Rotfiend
24%
Alp
23%
Crones
22%
Doppler
22%
Forktails
22%
Godling
22%
Cockatrices
20%
Foglet
20%
Hound of the Wild Hunt
20%
Botchlings
19%
Fleder
18%
Ice Elemental
18%
Drowned Dead
16%
Plague Maiden
16%
Berserkers
15%
Relicts Chorts
14%
Cyclopses
14%
Hym
14%
Kikimore
14%
Panthers
14%
Sylvan
13%
Elementa Djinn
12%
Endrega Warriors
12%
Garkain
12%
The Beast of Beauclair
12%
Wargs
12%
Specters Barghest
11%
Royal Wyverns
11%
Cursed Ones Archespores
10%
Banshee
10%
Endrega Workers
10%
Shrieker
10%
Slyzards
10%
Devourer
9%
Hybrids Ekhidna
9%
Imp
9%
Jenny o' the Woods
9%
Gael
8%
The Caretaker
8%
Three Little Pigs
8%
Wight
8%
Arachnomorphs
7%
Big Bad Wolf
7%
Devil by the Well
7%
Endrega Drones
7%
Erynia
7%
Giant Centipedes
7%
Melusine
7%
Protofleder
7%
Spriggan
7%
The Toad Prince
7%
Woodland Spirit
7%
Ogroids Cloud Giant
6%
Howler
6%
Lubberkin
6%
Shaelmaar
6%
Therazane
6%
Necrophages Abaya
5%
Golyat
5%
Hagubman
5%
Harrisi
5%
Ignis Fatuus
5%
Morvudd
5%
Mourntart
5%
Mucknixer
5%
Pale Widows
5%
Penitent
5%
Pixies
5%
Salma
5%
Sarasti
5%
Silver Basilisk
5%
Spotted Wight
5%
The Dragon of Fyresdal
5%
The White Lady
5%
Ulfhedinn
5%
Wham-a-Wham
5%
Wicked Witch
5%
Vampires Alpha Garkain
4%
Insectoids Arachasae
4%
Armored Arachasae
4%
Fugas
4%
Grottore
4%
Kernun
4%
Moreau's Golem
4%
Opinicus
4%
Scurver
4%
Slyzard Matriarchs
4%
The Monster of Tufo
4%
Venomous Arachasae
4%
Draconids Basiliks
3%
Daphne's Wraith
3%
Dettlaff van der Eretein
3%
Ethereal
3%
Kikimore Workers
3%
Longlocks
3%
Sandcrabs
3%
The Apiarian Phantom
3%
Umbra
1%
Wild Board
1%
No matching quizzes found
Score Distribution
Percent of People with Each Score
Percentile by Number Answered
Your Score History
You have not taken this quiz